000
00315nam a2200145Ia 4500
100
_a
Grob/ bernard
650
_a
Electrical Engineering
942
_c
BK
654
_a
television
245
_a
Basic television
260
_b
McGraw Hill
_a
Auckland
_c
1964
082
_a
621.38
300
_a
732
546
_a
ENGLISH
999
_c
29787
_d
29787